000 00769nam a22001815i 4500
001 159352
003 ES-MaACL
005 20230906211544.0
008 040721s1889 sp a |||| | spa d
040 _aCAM
_bspa
_cCAM
245 0 0 _aMemoria compendiada relativa á la construcción de pabellones hospitalarios desmontables ó permanentes del sistema Putzeys.
260 _aMadrid :
_b[s.n.],
_c1889 (
_fLit. Mesonero Romanos, 3)
300 _a8 p., [2] h. pleg. de planos ;
_c22 cm.
594 _aA final del texto consta: "Para más información dirigirse á André Hertogs"
650 4 _aHospitales militares.
_9136244
852 _aES-MaACL
_jT-561-F-2
_z-- Enc. hol.
_q-- Falto de la cub. original
_z-- Enc. en un vol. facticio
852 _aES-MaACL
_jT-854-F-6
999 _c159352
_d159352